| 000 | 00451nam a2200169Ia 4500 | ||
|---|---|---|---|
| 008 | 230917s9999||||xx |||||||||||||| ||und|| | ||
| 020 | _cRS550 | ||
| 040 |
_e241932 _aMAIN |
||
| 041 | _aEnglish | ||
| 082 | _a301.04 D74E | ||
| 100 | _aDashi, S L | ||
| 245 | 0 | _aEmile Durkheim: Samajshastriya adhyayan | |
| 260 |
_aJaipur _bRawat Publications _c2017 |
||
| 300 | _a172 p. | ||
| 500 | _a2837 30/08/2017 HBD17/7045 01/09/2017 Main Budget | ||
| 942 | _cBK | ||
| 999 |
_c23722 _d23722 |
||